000 00970nam a22002897a 4500
001 BR7700596
003 BR-BrBNA
005 20230928085156.0
007 ta
008 230509b bl.||||| |||| 00| 0 por d
040 _aBR-BrBNA
_bpor
_cBiblioteca Nacional de Agricultura
041 _a(Por)
072 _aF00
_b0140
_b/G514
090 _ 0140 BR7700596
100 1 _aCosta, N.L. da
110 1 _aUniversidade Federal do Rio Grande do Sul, Porto Alegre (Brasil). Faculdade de Agronomia
_0Tese (Mestrado em Fitotecnia)
245 1 _aAvaliacao de cultivares de aveias (Avena spp.)para rendimento de forragem e graos sob diferentes frequencias de corte [Brasil]
260 3 _aPorto Alegre, RS (Brasil):
_c1976.
300 _a64 p.
500 _a17 tables; Bibliography p. 52-57 (60 ref.); Summaries (Eng, Por)
650 _aAveia
650 _aForragem
650 _aMateria seca
650 _aCorte
909 _a202309
_bLucia
_c55
_dLucia Elande
942 _cBK
999 _c23135
_d23135